00579nam a2200205 a 4500001001300000003000900013005001700022008004100039020002300080082002100103100001800124245005400142260004100196300000900237500003500246505003400281650001600315650002400331700001800355nice12345678IN_TiNIC20260116013914.0050524s1991 newa grp 000 0 eng  a8170363 c17500a306.0899145bBRA aBrass, Paul R aEthnicity and Nationalismb Theory and Comparison aNew Delhi bSage Publications c1991 a358p aincludes index and biblioraphy2 aAppendix, Bibliography, Index aCaste-India aIndia-Ethnic Groups1 aBrass, Paul R